The two Babylons or the papal worship proved to be the worship of Nimrod and his wife. (Record no. 16200)

000 -LEADER
fixed length control field 00543nam a2200169 a 4500
001 - CONTROL NUMBER
control field :::00018968$&:&@@
003 - CONTROL NUMBER IDENTIFIER
control field OkBaRHE
005 - DATE AND TIME OF LATEST TRANSACTION
control field 20010119105133.0
008 - FIXED-LENGTH DATA ELEMENTS--GENERAL INFORMATION
fixed length control field s1944 j 000 0 eng u
040 ## - CATALOGING SOURCE
Transcribing agency
100 1# - MAIN ENTRY--PERSONAL NAME
Personal name Hislop, Alexander
245 14 - TITLE STATEMENT
Title The two Babylons or the papal worship proved to be the worship of Nimrod and his wife.
260 ## - PUBLICATION, DISTRIBUTION, ETC. (IMPRINT)
Place of publication, distribution, etc new York
Name of publisher, distributor, etc Loizeaux Brothers
Date of publication, distribution, etc 1944
300 ## - PHYSICAL DESCRIPTION
Extent 330 p.
942 ## - ADDED ENTRY ELEMENTS (KOHA)
Source of classification or shelving scheme
Koha item type Books
Copies
Price effective from Not for loan Barcode Copy number Date acquired Shelving location Source of classification or shelving scheme Lost status Withdrawn status Damaged status Koha item type Permanent Location Full call number Date last seen
2010-04-14 1896812010-04-14General Stacks    BooksRHEMA Bible Training CollegeBX 1765 .H452010-04-14